000
00470nam a2200169Ia 4500
008
090711s9999 xx 000 0 und d
082
_b
18286
100
_a
मोकाशी दि. बा.
245
_a
लामणदिवा
260
_c
1963
300
_a
160
600
_a
मोकाशी दि. बा.
630
_a
लामणदिवा
700
_a
मोकाशी दि. बा.
730
_a
लामणदिवा
942
_c
BOOK
999
_c
305277
_d
305277